000 00248nam a2200097Ia 4500
008 120527s9999 xx 000 0 und d
100 _aMILENKOVIC,Milan.
245 _aOperating systems:Concept and design.
260 _bTata Mcgraw-hill
942 _cBK
999 _c24143
_d24143